Logo BPK

Biblioteka

Politechniki Koszalińskiej

Criterion-referenced language testing / (Rekord nr 51824)

Szczegóły MARC
000 -ETYKIETA REKORDU
podpole kontrolne o stałej długości 00806nam a2200253 i 4500
001 - NUMER KONTROLNY REKORDU
pole kontrolne bg
020 ## - MIĘDZYNARODOWY ZNORMALIZOWANY NUMER KSIĄŻKI - ISBN
ISBN 0521000831
040 ## - ŹRÓDŁO KATALOGOWANIA
Instytucja, która utworzyła rekord BPK
041 0# - KOD JĘZYKA
Kod języka tekstu eng
080 ## - UNIWERSALNA KLASYFIKACJA DZIESIĘTNA - UKD
UKD 372.881.1:81'24
920 ## - Międzynarodowy znormalizowany numer książki – ISBN
ISBN 0-521-00083-1
008 - POLE O STAŁEJ DŁUGOŚCI - DANE KONTROLNE
podpole kontrolne o stałej długości s pl f |000 0 pol
100 1# - NAZWA OSOBOWA
Nazwa osobowa BROWN, James Dean
245 10 - TYTUŁ/ODPOWIEDZIALNOŚĆ
Tytuł Criterion-referenced language testing /
Pozostałe elementy strefy tytułu i oznaczenia odpowiedzialności James Dean Brown, Thom Hudson.
260 ## - STREFA ADRESU WYDAWNICZEGO
Miejsce wydania Cambridge :
Nazwa wydawcy/dystrybutora Cambridge University Press,
Data publikacji, dystrybucji/powstania dokumentu cop. 2002.
300 ## - STREFA OPISU FIZYCZNEGO
Objętość XVI, 320 s. :
Inne cechy fizyczne wykr. ;
Rozmiary 23 cm.
490 1# - STREFA SERII I DOKUMENTU WIELOCZĘŚCIOWEGO - FORMA NIE DO WYSZUKIWANIA
Tytuł i oznaczenie odpowiedzialności serii The Cambridge Applied Linguistics Series
504 ## - UWAGA DOTYCZĄCA BIBLIOGRAFII
Informacje o bibliografii Bibliogr. - Indeks.
650 #9 - HASŁO PRZEDMIOTOWE W FORMIE NAZWY OGÓLNEJ LUB JEDNOSTKOWEJ
Nazwa ogólna lub geograficzna Języki
Określnik ogólny nauczanie
-- badanie
700 1# - HASŁO DODATKOWE - NAZWA OSOBOWA
Nazwa osobowa HUDSON, Thom
830 ## - HASŁO DODATKOWE SERII LUB DOKUMENTU WIELOCZĘŚCIOWEGO - TYTUŁ UJEDNOLICONY
Tytuł ujednolicony The Cambridge Applied Linguistics Series
942 ## - DODATKOWE ELEMENTY (KOHA)
Typ dokumentu Książka
Egzemplarze
Wycofany Status egzemplarza Uszkodzony Dostępność Lokalizacja stała Lokalizacja bieżąca Miejsce przechowywania Sygnatura Kod kreskowy Typ dokumentu
      Tylko na miejscu Biblioteka Politechniki Koszalińskiej Biblioteka Politechniki Koszalińskiej Czytelnia Wydziałowa ul. Kwiatkowskiego 6e 79189 02315027 Książka
© 2023 Biblioteka Politechniki Koszalińskiej :: KOHA